|
|
|
|
| LEADER |
00693nab a2200205 i 4500 |
| 001 |
acta23337 |
| 005 |
20220504153030.0 |
| 008 |
161017s1937 hu o 0|| ger d |
| 022 |
|
|
|a 0365-8074
|
| 040 |
|
|
|a SZTE Egyetemi Kiadványok Repozitórium
|b hun
|
| 041 |
|
|
|a ger
|
| 100 |
1 |
|
|a Kiss Árpád
|
| 245 |
1 |
4 |
|a Zur Analyse der Extinktionskurven von Lösungen
|h [elektronikus dokumentum] /
|c Kiss Árpád
|
| 260 |
|
|
|c 1937
|
| 300 |
|
|
|a 101-120
|
| 490 |
0 |
|
|a Acta chemica, mineralogica et physica
|v 6 No. 1
|
| 650 |
|
4 |
|a Természettudományok
|
| 650 |
|
4 |
|a Kémiai tudományok
|
| 695 |
|
|
|a Kémia
|
| 856 |
4 |
0 |
|u http://acta.bibl.u-szeged.hu/23337/1/chem_min_phys_006_fasc_001_101-120.pdf
|z Dokumentum-elérés
|